Memoria sobre la cuestión de límites entre Guatemala y México : (Record no. 147863)

MARC details
000 -LEADER
campo de control de longitud fija 00813nam a2200217 i 4500
001 - NÚMERO DE CONTROL
campo de control 147863
003 - IDENTIFICADOR DE NÚMERO DE CONTROL
campo de control ES-MaACL
005 - FECHA Y HORA DE LA ÚLTIMA TRANSACCIÓN
campo de control 20230906202307.0
007 - CAMPO FIJO DE DESCRIPCIÓN FÍSICA--INFORMACIÓN GENERAL
campo de control de longitud fija t|
008 - DATOS DE LONGITUD FIJA--INFORMACIÓN GENERAL
campo de control de longitud fija 071008s1964 gt ||||1| spa d
080 ## - NÚMERO DE LA CLASIFICACIÓN DECIMAL UNIVERSAL
Número de la Clasificación Decimal Universal 341.222(728.1:72)
245 10 - MENCIÓN DEL TÍTULO
Título Memoria sobre la cuestión de límites entre Guatemala y México :
Resto del título presentada al señor ministro de Relaciones Exteriores por el jefe de la Comisión Guatemalteca, 1900.
260 ## - PUBLICACIÓN, DISTRIBUCIÓN, ETC.
Lugar de publicación, distribución, etc. Guatemala :
Nombre del editor, distribuidor, etc. Centro Editorial José de Pineda Ibarra,
Fecha de publicación, distribución, etc. 1964.
300 ## - DESCRIPCIÓN FÍSICA
Extensión 352 p. ;
Dimensiones 2 cm.
500 ## - NOTA GENERAL
Nota general Apéndice documental.
651 #4 - PUNTO DE ACCESO ADICIONAL DE MATERIA--NOMBRE GEOGRÁFICO
Nombre geográfico Guatemala-
Subdivisión general Fronteras-
Subdivisión geográfica México.
9 (RLIN) 173837
651 #4 - PUNTO DE ACCESO ADICIONAL DE MATERIA--NOMBRE GEOGRÁFICO
Nombre geográfico México-
Subdivisión general Fronteras-
Subdivisión geográfica Guatemala.
9 (RLIN) 173838
710 2# - ENTRADA AGREGADA--NOMBRE DE ENTIDAD CORPORATIVA
Nombre de entidad corporativa o nombre de jurisdicción como elemento de entrada Centro Editorial José de Pineda Ibarra.
9 (RLIN) 173839
852 4# - LOCALIZACIÓN
Ubicación ES-MaACL
Número de control de estantería C-30182
852 4# - LOCALIZACIÓN
Ubicación ES-MaACL
Número de control de estantería C-30186
Holdings
Estatus retirado Estado de pérdida Estado de daño No para préstamo Biblioteca de origen Biblioteca actual Ubicación en estantería Fecha de adquisición Fuente de adquisición Total de préstamos Signatura topográfica completa Código de barras Visto por última vez Precio de reemplazo Tipo de ítem Koha
        Biblioteca del Ateneo de Madrid Biblioteca del Ateneo de Madrid Depósito 2 17/01/2008     C-30186 1154311 23/02/2023 23/02/2023 Libro impreso
        Biblioteca del Ateneo de Madrid Biblioteca del Ateneo de Madrid Depósito 2 17/01/2008     C-30182 1154310 23/02/2023 23/02/2023 Libro impreso